000
00325nam a2200133Ia 4500
008
240624s9999 xx 000 0 und d
041
_a
eng
082
_a
823 BHA
100
_a
BHAGAT CHETAN
245
_a
REVOLUTION 2020 LOVE CORRUPTION AMBITION
260
_c
2011
_a
New Delhi
_b
Rupa
300
_a
304 : p.
365
_c
RS
_b
25
999
_c
18248
_d
18248